| 000 | 00321 a2200121 4500 | ||
|---|---|---|---|
| 005 | 20250628162032.0 | ||
| 020 | _a978-0-415-63828-9 | ||
| 100 | _aBERGIN, J | ||
| 245 | _aMathematics for Economists with Applications | ||
| 260 |
_aLondon _bNew York _c2015 |
||
| 300 |
_a690p.: ill; Graph, Table _bIndex _c25cm |
||
| 942 |
_2ddc _cBKS |
||
| 999 |
_c6109 _d6109 |
||